[Event "Liga Madrileña - DH 2016-2017"]
[Site "Madrid ESP"]
[Date "2017.02.12"]
[Round "9.42"]
[White "Rubio Mejia, Luis Ignacio"]
[Black "Fraga Castro, Jose Carlos"]
[Result "1-0"]
[WhiteElo "2443"]
[BlackElo "2207"]
[PlyCount "69"]
[EventDate "2016.11.20"]
[EventType "team-tourn"]
[EventRounds "14"]
[EventCountry "ESP"]
[SourceTitle "Ajedrez en Madrid"]
[Source "lmi"]
[SourceDate "2016.11.20"]
[WhiteTeam "Virgen de Atocha"]
[BlackTeam "Moratalaz"]
[WhiteTeamCountry "ESP"]
[BlackTeamCountry "ESP"]

1. d4 d6 2. Nf3 Nf6 3. c4 g6 4. Nc3 Bg7 5. e4 O-O 6. Be2 Bg4 7. Be3 Nbd7 8. O-O
c5 9. d5 a6 10. a4 Ne8 11. h3 Bxf3 12. Bxf3 Qa5 13. Qc2 f5 14. exf5 gxf5 15.
Bg5 Ne5 16. Be2 f4 17. Bxe7 f3 18. gxf3 Rf4 19. Bg5 Nxf3+ 20. Bxf3 Rxf3 21. Kg2
Rf7 22. Ne4 h6 23. Bd2 Qd8 24. Ra3 Kh8 25. Rg3 Nf6 26. Nxf6 Qxf6 27. Bc3 Qf4
28. Bxg7+ Rxg7 29. Qc3 Qd4 30. Qxd4 cxd4 31. Rd1 b5 32. axb5 axb5 33. Rxd4
Rxg3+ 34. Kxg3 Ra4 35. Rh4 1-0

[Event "Liga Madrileña - DH 2016-2017"]
[Site "Madrid ESP"]
[Date "2017.02.12"]
[Round "9.43"]
[White "Cortes Jurado, Rafael"]
[Black "Espinosa Aranda, Angel"]
[Result "0-1"]
[WhiteElo "2119"]
[BlackElo "2442"]
[PlyCount "58"]
[EventDate "2016.11.20"]
[EventType "team-tourn"]
[EventRounds "14"]
[EventCountry "ESP"]
[SourceTitle "Ajedrez en Madrid"]
[Source "lmi"]
[SourceDate "2016.11.20"]
[WhiteTeam "Moratalaz"]
[BlackTeam "Virgen de Atocha"]
[WhiteTeamCountry "ESP"]
[BlackTeamCountry "ESP"]

1. d4 e6 2. c4 b6 3. Nc3 Bb7 4. e4 Bb4 5. Qc2 Qh4 6. Bd3 f5 7. d5 fxe4 8. Bxe4
Nf6 9. Bd3 O-O 10. Nf3 Qh5 11. Bd2 Na6 12. O-O-O Nc5 13. Rhe1 Nxd3+ 14. Qxd3
exd5 15. cxd5 Rae8 16. Qc4 Bd6 17. Rxe8 Rxe8 18. Bg5 Qg4 19. Qf1 Bf4+ 20. Bxf4
Qxf4+ 21. Kb1 Nxd5 22. Nxd5 Qe4+ 23. Ka1 Bxd5 24. Rd4 Qe6 25. Qd1 Bxa2 26. Rxd7
Bb3 27. Qd2 Qc4 28. Rxg7+ Kxg7 29. Qd7+ Kf8 0-1

[Event "Liga Madrileña - DH 2016-2017"]
[Site "Madrid ESP"]
[Date "2017.02.12"]
[Round "9.44"]
[White "Plazuelo Pascual, Juan"]
[Black "Gonzalez Rivera, Eduardo"]
[Result "1-0"]
[WhiteElo "2307"]
[BlackElo "2040"]
[PlyCount "89"]
[EventDate "2016.11.20"]
[EventType "team-tourn"]
[EventRounds "14"]
[EventCountry "ESP"]
[SourceTitle "Ajedrez en Madrid"]
[Source "lmi"]
[SourceDate "2016.11.20"]
[WhiteTeam "Virgen de Atocha"]
[BlackTeam "Moratalaz"]
[WhiteTeamCountry "ESP"]
[BlackTeamCountry "ESP"]

1. d4 d5 2. c4 c6 3. Nf3 dxc4 4. e3 Be6 5. Qc2 Nf6 6. Bxc4 Bxc4 7. Qxc4 e6 8.
Nc3 Nbd7 9. e4 Nb6 10. Qe2 Bb4 11. O-O O-O 12. a3 Be7 13. Rd1 Qc7 14. g3 Rad8
15. Bf4 Qc8 16. Rac1 Rfe8 17. Ne5 Nfd7 18. Nd3 Nf8 19. Be3 Nc4 20. Na4 Nxe3 21.
Qxe3 Bf6 22. Ndc5 b6 23. Nb3 Qa6 24. Nc3 Qb7 25. Rd2 Rc8 26. e5 Be7 27. Ne4
Red8 28. Rdc2 a5 29. Nbd2 Qd7 30. Nc4 Qxd4 31. Nxb6 Qxe3 32. fxe3 Rb8 33. Rxc6
Ng6 34. Nc4 Rbc8 35. Nxa5 Ra8 36. Nc4 Rac8 37. Rxc8 Rxc8 38. Rc3 f6 39. exf6
gxf6 40. Na5 Rxc3 41. Nxc3 Bc5 42. Kf2 Ne5 43. Na4 Ba7 44. Ke2 Ng4 45. Nc6 1-0

[Event "Liga Madrileña - DH 2016-2017"]
[Site "Madrid ESP"]
[Date "2017.02.12"]
[Round "9.45"]
[White "Garcia Gonzalez, Jesus"]
[Black "Quispe Arteaga, Gabriel"]
[Result "1-0"]
[WhiteElo "2033"]
[BlackElo "2270"]
[PlyCount "51"]
[EventDate "2016.11.20"]
[EventType "team-tourn"]
[EventRounds "14"]
[EventCountry "ESP"]
[SourceTitle "Ajedrez en Madrid"]
[Source "lmi"]
[SourceDate "2016.11.20"]
[WhiteTeam "Moratalaz"]
[BlackTeam "Virgen de Atocha"]
[WhiteTeamCountry "ESP"]
[BlackTeamCountry "ESP"]

1. e4 c5 2. Nf3 Nc6 3. c3 d5 4. exd5 Qxd5 5. d4 Bg4 6. Be2 Nf6 7. c4 Qf5 8. d5
Bxf3 9. Bxf3 Nd4 10. O-O O-O-O 11. Be3 e5 12. Nc3 Bd6 13. Bxd4 cxd4 14. Ne4 h5
15. Qc2 Qd7 16. c5 Bf8 17. Nxf6 gxf6 18. Be4 Kb8 19. d6 Bh6 20. b4 Rhg8 21. b5
b6 22. Bf5 Qxb5 23. c6 Rc8 24. c7+ Kb7 25. Be4+ Ka6 26. Bd3 1-0

[Event "Liga Madrileña - DH 2016-2017"]
[Site "Madrid ESP"]
[Date "2017.02.12"]
[Round "9.46"]
[White "Rodrigo Yanguas, Maria"]
[Black "Garcia Ruido, Ricardo"]
[Result "1-0"]
[WhiteElo "2096"]
[BlackElo "2000"]
[PlyCount "79"]
[EventDate "2016.11.20"]
[EventType "team-tourn"]
[EventRounds "14"]
[EventCountry "ESP"]
[SourceTitle "Ajedrez en Madrid"]
[Source "lmi"]
[SourceDate "2016.11.20"]
[WhiteTeam "Virgen de Atocha"]
[BlackTeam "Moratalaz"]
[WhiteTeamCountry "ESP"]
[BlackTeamCountry "ESP"]

1. e4 e5 2. Nf3 Nc6 3. d4 exd4 4. Nxd4 Nf6 5. Nxc6 bxc6 6. e5 Qe7 7. Qe2 Nd5 8.
c4 Ba6 9. b3 g6 10. f4 f6 11. Qe4 Nb6 12. Bb2 Bg7 13. Nd2 fxe5 14. fxe5 Bb7 15.
O-O-O O-O-O 16. Bd3 Rhe8 17. Rde1 Kb8 18. Kb1 Ka8 19. Rhf1 d5 20. Qe2 Rf8 21.
g3 Bc8 22. h4 Be6 23. h5 gxh5 24. cxd5 cxd5 25. Qxh5 h6 26. Nf3 Qd7 27. Nd4
Rxf1 28. Rxf1 Bg4 29. Qg6 Bxe5 30. Nc6 Bxb2 31. Nxd8 Qxd8 32. Kxb2 Qh8+ 33. Kc2
Bd7 34. Qf6 Qb8 35. Qxh6 a5 36. Rf8 Bc8 37. Ba6 Ka7 38. Bxc8 Nxc8 39. Qc6 Qb4
40. Qxc7+ 1-0

[Event "Liga Madrileña - DH 2016-2017"]
[Site "Madrid ESP"]
[Date "2017.02.19"]
[Round "10.11"]
[White "Valles Moreno, Ivan"]
[Black "Solaesa Navalpotro, Luis Julio"]
[Result "0-1"]
[WhiteElo "2438"]
[BlackElo "2215"]
[PlyCount "80"]
[EventDate "2016.11.20"]
[EventType "team-tourn"]
[EventRounds "14"]
[EventCountry "ESP"]
[SourceTitle "Ajedrez en Madrid"]
[Source "lmi"]
[SourceDate "2016.11.20"]
[WhiteTeam "Liberty Chess"]
[BlackTeam "Moratalaz"]
[WhiteTeamCountry "ESP"]
[BlackTeamCountry "ESP"]

1. e4 e5 2. Nf3 Nc6 3. Bc4 Bc5 4. d3 d6 5. c3 Nf6 6. a4 a5 7. O-O Ba7 8. Na3
Ne7 9. h3 Ng6 10. Re1 O-O 11. Be3 Bxe3 12. Rxe3 Qe7 13. d4 Be6 14. Qb3 Bxc4 15.
Nxc4 b6 16. Qb5 Rfe8 17. Rd1 Qd7 18. Qxd7 Nxd7 19. Ne1 Nf6 20. Nc2 Rad8 21. f3
Kf8 22. d5 Ra8 23. g3 Nd7 24. N2a3 Nc5 25. Nb5 Re7 26. b4 Nb7 27. Ree1 axb4 28.
cxb4 Rxa4 29. Ra1 Rxb4 30. Ra8+ Re8 31. Ra7 Rxb5 32. Rxb7 Rc5 33. Ne3 Ra8 34.
Kf2 Ke7 35. Re2 Kd7 36. Nf5 Ne7 37. Rb2 Nxf5 38. exf5 Kc8 39. R2xb6 cxb6 40.
Rxf7 Rc7 0-1

[Event "Liga Madrileña - DH 2016-2017"]
[Site "Madrid ESP"]
[Date "2017.02.19"]
[Round "10.13"]
[White "Garcia Cuenca, Victor Manuel"]
[Black "Cortes Jurado, Rafael"]
[Result "0-1"]
[WhiteElo "2339"]
[BlackElo "2119"]
[PlyCount "88"]
[EventDate "2016.11.20"]
[EventType "team-tourn"]
[EventRounds "14"]
[EventCountry "ESP"]
[SourceTitle "Ajedrez en Madrid"]
[Source "lmi"]
[SourceDate "2016.11.20"]
[WhiteTeam "Liberty Chess"]
[BlackTeam "Moratalaz"]
[WhiteTeamCountry "ESP"]
[BlackTeamCountry "ESP"]

1. d4 Nf6 2. Nf3 g6 3. g3 Bg7 4. Bg2 O-O 5. O-O d5 6. c4 c6 7. cxd5 cxd5 8. Ne5
Nc6 9. Nc3 e6 10. Nxc6 bxc6 11. Na4 Nd7 12. Bf4 e5 13. dxe5 Nxe5 14. Rc1 Bd7
15. b3 Qe7 16. Qd2 Rfe8 17. Rfe1 Rab8 18. Be3 Bf5 19. Bc5 Qd7 20. Bd4 Nd3 21.
Bxg7 Nxe1 22. Bb2 Nxg2 23. Qd4 Kf8 24. Qg7+ Ke7 25. Ba3+ Kd8 26. Qf6+ Kc7 27.
Nc5 Qc8 28. Qxf7+ Kb6 29. e4 Bh3 30. Nd3 Qd7 31. Qf6 dxe4 32. Ne5 Qd5 33. Nxc6
Re6 34. Ne7 Qd2 35. Qf7 Rd8 36. Bc5+ Ka6 37. Rf1 e3 38. Nc6 Rd7 39. Nb8+ Kb5
40. Nxd7 e2 41. a4+ Ka5 42. b4+ Kxa4 43. Ra1+ Kb3 44. Qf3+ Ne3 0-1

[Event "Liga Madrileña - DH 2016-2017"]
[Site "Madrid ESP"]
[Date "2017.02.19"]
[Round "10.14"]
[White "Gonzalez Rivera, Eduardo"]
[Black "Martin Rueda, Daniel"]
[Result "0-1"]
[WhiteElo "2040"]
[BlackElo "2292"]
[PlyCount "70"]
[EventDate "2016.11.20"]
[EventType "team-tourn"]
[EventRounds "14"]
[EventCountry "ESP"]
[SourceTitle "Ajedrez en Madrid"]
[Source "lmi"]
[SourceDate "2016.11.20"]
[WhiteTeam "Moratalaz"]
[BlackTeam "Liberty Chess"]
[WhiteTeamCountry "ESP"]
[BlackTeamCountry "ESP"]

1. e4 c5 2. Nf3 e6 3. d4 cxd4 4. Nxd4 Nf6 5. Nc3 d6 6. g4 e5 7. Nf5 h5 8. g5
Nxe4 9. Nxg7+ Bxg7 10. Nxe4 d5 11. Ng3 Nc6 12. Nxh5 Rxh5 13. Qxh5 Nd4 14. Bd3
e4 15. c3 Nf3+ 16. Kf1 Bf5 17. Be2 Qd7 18. Bxf3 exf3 19. Qxf3 Bh3+ 20. Ke1 Bg4
21. Qf4 O-O-O 22. Rg1 Bh5 23. Rg3 Be5 24. Qxe5 Re8 25. Bf4 Rxe5+ 26. Bxe5 Qb5
27. c4 dxc4 28. Bc3 Qd5 29. Rc1 Qe4+ 30. Kf1 Qh1+ 31. Rg1 Qxh2 32. Rg3 Qh1+ 33.
Rg1 Qh3+ 34. Ke1 Qd3 35. f3 Qe3+ 0-1

[Event "Liga Madrileña - DH 2016-2017"]
[Site "Madrid ESP"]
[Date "2017.02.19"]
[Round "10.15"]
[White "Paredes Sanchez, Juan Antonio"]
[Black "Barranco Sanz, Luis Miguel"]
[Result "0-1"]
[WhiteElo "2177"]
[BlackElo "2011"]
[PlyCount "106"]
[EventDate "2016.11.20"]
[EventType "team-tourn"]
[EventRounds "14"]
[EventCountry "ESP"]
[SourceTitle "Ajedrez en Madrid"]
[Source "lmi"]
[SourceDate "2016.11.20"]
[WhiteTeam "Liberty Chess"]
[BlackTeam "Moratalaz"]
[WhiteTeamCountry "ESP"]
[BlackTeamCountry "ESP"]

1. e4 c5 2. Nf3 d6 3. d4 cxd4 4. Nxd4 Nf6 5. Nc3 Nc6 6. Bg5 e6 7. Qd2 a6 8.
O-O-O Be7 9. f3 Qc7 10. Be3 O-O 11. g4 b5 12. g5 Nd7 13. Nxc6 Qxc6 14. h4 Ne5
15. Qf2 b4 16. Ne2 a5 17. Nd4 Qc7 18. Kb1 Ba6 19. Bh3 a4 20. h5 Bc4 21. g6 hxg6
22. hxg6 Nxg6 23. b3 axb3 24. cxb3 e5 25. bxc4 exd4 26. Bxd4 Qxc4 27. Bf1 Qe6
28. Rc1 Rfc8 29. Rxc8+ Qxc8 30. Qh2 Bf6 31. Bxf6 gxf6 32. Qxd6 b3 33. Rh2 bxa2+
34. Rxa2 Rxa2 35. Kxa2 Qc2+ 36. Ka3 Qc1+ 37. Ka4 Qxf1 38. Qxf6 Qc4+ 39. Ka3
Qc1+ 40. Kb3 Qf4 41. Qxf4 Nxf4 42. Kb4 Kg7 43. Kc5 Kf6 44. Kd6 Nd3 45. Kd5 Kg5
46. Kd6 Kf6 47. Kd5 Ne1 48. f4 Nd3 49. e5+ Kf5 50. Kd6 Nxf4 51. Ke7 Kg6 52. Kd7
Ne6 53. Ke7 Ng5 0-1

[Event "Liga Madrileña - DH 2016-2017"]
[Site "Madrid ESP"]
[Date "2017.02.19"]
[Round "10.16"]
[White "Garcia Ruido, Ricardo"]
[Black "Hinojar Diez, David"]
[Result "1-0"]
[WhiteElo "2000"]
[BlackElo "2105"]
[PlyCount "117"]
[EventDate "2016.11.20"]
[EventType "team-tourn"]
[EventRounds "14"]
[EventCountry "ESP"]
[SourceTitle "Ajedrez en Madrid"]
[Source "lmi"]
[SourceDate "2016.11.20"]
[WhiteTeam "Moratalaz"]
[BlackTeam "Liberty Chess"]
[WhiteTeamCountry "ESP"]
[BlackTeamCountry "ESP"]

1. d4 Nf6 2. Nf3 e6 3. Bg5 d5 4. e3 Nbd7 5. Bd3 c5 6. c3 Qc7 7. O-O Bd6 8. Nbd2
O-O 9. Qe2 Re8 10. e4 dxe4 11. Nxe4 Nxe4 12. Qxe4 Nf8 13. Bh4 Bd7 14. Ne5 Bxe5
15. dxe5 Ng6 16. Bg3 Bc6 17. Qe2 Rad8 18. h4 Ne7 19. h5 Nf5 20. Bf4 Qe7 21.
Bxf5 exf5 22. Qe3 h6 23. Qg3 Kh7 24. Rfe1 Qe6 25. b3 Rd7 26. Rad1 Red8 27. Rxd7
Rxd7 28. Qe3 b6 29. c4 Rd4 30. Qg3 g5 31. hxg6+ fxg6 32. f3 g5 33. Bc1 g4 34.
Kf2 Rd3 35. Rh1 Qd7 36. Rxh6+ Kg7 37. Qf4 Qe7 38. Rxc6 Qh4+ 39. Ke2 Rc3 40.
Qh6+ Qxh6 41. Bxh6+ Kg8 42. Rc8+ Kf7 43. Bd2 Rc2 44. Rc7+ Ke6 45. f4 Rxa2 46.
Kd3 Ra1 47. Rc6+ Ke7 48. Rf6 Rg1 49. Rxf5 Rxg2 50. Rg5 Ke6 51. Rg6+ Kf7 52. f5
Rf2 53. Rxg4 Rxf5 54. Rf4 Ke6 55. Rxf5 Kxf5 56. Bf4 a6 57. Bg3 b5 58. Bh2 b4
59. Bg1 1-0

[Event "Liga Madrileña - DH 2016-2017"]
[Site "Madrid ESP"]
[Date "2017.02.19"]
[Round "10.21"]
[White "Almagro Llamas, Pablo"]
[Black "Bolado Saez, Sergio"]
[Result "1/2-1/2"]
[WhiteElo "2465"]
[BlackElo "2370"]
[PlyCount "52"]
[EventDate "2016.11.20"]
[EventType "team-tourn"]
[EventRounds "14"]
[EventCountry "ESP"]
[SourceTitle "Ajedrez en Madrid"]
[Source "lmi"]
[SourceDate "2016.11.20"]
[WhiteTeam "Virgen de Atocha"]
[BlackTeam "Blanco y Negro"]
[WhiteTeamCountry "ESP"]
[BlackTeamCountry "ESP"]

1. d4 Nf6 2. c4 e6 3. Nf3 d5 4. Nc3 c6 5. Bg5 Nbd7 6. e3 h6 7. Bh4 g5 8. Bg3
Nh5 9. Qc2 Nxg3 10. hxg3 Bg7 11. O-O-O Qe7 12. g4 b6 13. Kb1 Bb7 14. e4 dxc4
15. Bxc4 b5 16. Bd3 b4 17. Na4 O-O 18. e5 c5 19. Bh7+ Kh8 20. Be4 Bxe4 21. Qxe4
cxd4 22. Rxd4 Rfd8 23. Rhd1 Nf8 24. Rd6 Rab8 25. Nc5 Rdc8 26. Qd4 Qc7 1/2-1/2

[Event "Liga Madrileña - DH 2016-2017"]
[Site "Madrid ESP"]
[Date "2017.02.19"]
[Round "10.22"]
[White "Alarcia Astiz, Carlos"]
[Black "Rubio Mejia, Luis Ignacio"]
[Result "1/2-1/2"]
[WhiteElo "2309"]
[BlackElo "2440"]
[PlyCount "56"]
[EventDate "2016.11.20"]
[EventType "team-tourn"]
[EventRounds "14"]
[EventCountry "ESP"]
[SourceTitle "Ajedrez en Madrid"]
[Source "lmi"]
[SourceDate "2016.11.20"]
[WhiteTeam "Blanco y Negro"]
[BlackTeam "Virgen de Atocha"]
[WhiteTeamCountry "ESP"]
[BlackTeamCountry "ESP"]

1. d4 Nf6 2. Nf3 e6 3. c4 Bb4+ 4. Bd2 Qe7 5. a3 Bxd2+ 6. Qxd2 O-O 7. Nc3 d6 8.
e4 e5 9. d5 Bg4 10. Be2 c6 11. O-O Bxf3 12. Bxf3 cxd5 13. cxd5 Nbd7 14. b4 Rfc8
15. Rfc1 Rc7 16. Nb5 Rxc1+ 17. Rxc1 a6 18. Nc3 Rc8 19. Na4 Rxc1+ 20. Qxc1 Qd8
21. h3 Kf8 22. Qc3 Ke7 23. Kf1 g6 24. g3 h5 25. h4 Ne8 26. Qc1 Nb6 27. Nb2 Qd7
28. Be2 Nf6 1/2-1/2

[Event "Liga Madrileña - DH 2016-2017"]
[Site "Madrid ESP"]
[Date "2017.02.19"]
[Round "10.23"]
[White "Espinosa Aranda, Angel"]
[Black "Renteria Becerra, Jorge Elicer"]
[Result "0-1"]
[WhiteElo "2450"]
[BlackElo "2256"]
[PlyCount "78"]
[EventDate "2016.11.20"]
[EventType "team-tourn"]
[EventRounds "14"]
[EventCountry "ESP"]
[SourceTitle "Ajedrez en Madrid"]
[Source "lmi"]
[SourceDate "2016.11.20"]
[WhiteTeam "Virgen de Atocha"]
[BlackTeam "Blanco y Negro"]
[WhiteTeamCountry "ESP"]
[BlackTeamCountry "ESP"]

1. d4 Nf6 2. Bg5 e6 3. e4 h6 4. Bxf6 Qxf6 5. c3 c5 6. Nf3 g5 7. Na3 cxd4 8. Nb5
Na6 9. e5 Qf4 10. cxd4 Bb4+ 11. Nc3 g4 12. Nh4 Nb8 13. Qd3 Nc6 14. Rd1 d6 15.
g3 Qg5 16. Bg2 dxe5 17. Bxc6+ bxc6 18. O-O Bxc3 19. Qxc3 O-O 20. dxe5 c5 21. f4
gxf3 22. Nxf3 Qh5 23. Nd2 Bb7 24. Nc4 Qe2 25. Rd2 Qe4 26. Nd6 Qh1+ 27. Kf2 Qg2+
28. Ke1 Qc6 29. Qe3 Ba6 30. Rf3 f5 31. Kf2 Kh7 32. Rf4 Qh1 33. Qe1 Qxh2+ 34.
Ke3 Qh5 35. Rc2 Rg8 36. Rxc5 Rxg3+ 37. Kd2 Qg5 38. Kc2 Qxf4 39. Qa5 Qf2+ 0-1

[Event "Liga Madrileña - DH 2016-2017"]
[Site "Madrid ESP"]
[Date "2017.02.19"]
[Round "10.24"]
[White "Beltran de Heredia Eguiaz, Miguel Angel"]
[Black "Plazuelo Pascual, Juan"]
[Result "1/2-1/2"]
[WhiteElo "2214"]
[BlackElo "2326"]
[PlyCount "62"]
[EventDate "2016.11.20"]
[EventType "team-tourn"]
[EventRounds "14"]
[EventCountry "ESP"]
[SourceTitle "Ajedrez en Madrid"]
[Source "lmi"]
[SourceDate "2016.11.20"]
[WhiteTeam "Blanco y Negro"]
[BlackTeam "Virgen de Atocha"]
[WhiteTeamCountry "ESP"]
[BlackTeamCountry "ESP"]

1. e4 c5 2. Nf3 e6 3. d4 cxd4 4. Nxd4 Nc6 5. Nc3 Qc7 6. Be3 a6 7. Qd2 Nf6 8.
O-O-O Be7 9. f3 b5 10. g4 Nxd4 11. Bxd4 Bb7 12. g5 Nh5 13. Be5 Qxe5 14. Qxd7+
Kf8 15. Qxb7 Qb8 16. Rd7 Qxb7 17. Rxb7 h6 18. g6 fxg6 19. a4 Kf7 20. Kb1 b4 21.
Na2 a5 22. Bc4 Rab8 23. Ra7 Ra8 24. Rb7 Rhb8 25. Rd7 Rd8 26. Rhd1 Nf6 27. Rxd8
Rxd8 28. Rxd8 Bxd8 29. c3 bxc3 30. Nxc3 Bc7 31. h3 Ke7 1/2-1/2

[Event "Liga Madrileña - DH 2016-2017"]
[Site "Madrid ESP"]
[Date "2017.02.19"]
[Round "10.25"]
[White "Rabadan Velasco, Raul"]
[Black "Shen, Yue"]
[Result "0-1"]
[WhiteElo "2236"]
[BlackElo "2219"]
[PlyCount "110"]
[EventDate "2016.11.20"]
[EventType "team-tourn"]
[EventRounds "14"]
[EventCountry "ESP"]
[SourceTitle "Ajedrez en Madrid"]
[Source "lmi"]
[SourceDate "2016.11.20"]
[WhiteTeam "Virgen de Atocha"]
[BlackTeam "Blanco y Negro"]
[WhiteTeamCountry "ESP"]
[BlackTeamCountry "ESP"]

1. b3 Nf6 2. Bb2 e6 3. g3 c5 4. Bg2 Nc6 5. f4 d5 6. Nf3 b6 7. O-O Bb7 8. e3 Bd6
9. Ne5 h5 10. Qe2 Qe7 11. Na3 a6 12. Nxc6 Bxc6 13. Nc4 Bc7 14. Ne5 Bb7 15. a4
Ne4 16. c4 a5 17. cxd5 exd5 18. Qb5+ Kf8 19. Qe2 Rh6 20. d3 Nf6 21. Rae1 Bd6
22. e4 dxe4 23. Nc4 Re8 24. Bxf6 Qxf6 25. dxe4 Bb8 26. e5 Qe7 27. Rd1 Ba6 28.
Bh3 Qb7 29. Rd7 Qc6 30. Rd2 Qb7 31. Rfd1 b5 32. axb5 Bxb5 33. Qd3 Bc7 34. Qf5
Kg8 35. Bg2 Bc6 36. Rd7 Rf8 37. Nxa5 Bxd7 38. Qxd7 Qb6 39. Nc6 c4+ 40. Kh1 cxb3
41. Ne7+ Kh8 42. Nd5 Qb8 43. Nxc7 Rc8 44. Be4 b2 45. Bb1 Rb6 46. e6 Qb7+ 47.
Kg1 Rxe6 48. Qxf7 Qb6+ 49. Kh1 Qc6+ 50. Kg1 Qc5+ 51. Kh1 Rf6 52. Qd5 Qxc7 53.
Qxh5+ Rh6 54. Qd5 Qc6 55. Kg2 Rd6 0-1

[Event "Liga Madrileña - DH 2016-2017"]
[Site "Madrid ESP"]
[Date "2017.02.19"]
[Round "10.26"]
[White "Alba Linero, Emilio"]
[Black "Rodrigo Yanguas, Maria"]
[Result "1-0"]
[WhiteElo "2176"]
[BlackElo "2109"]
[PlyCount "87"]
[EventDate "2016.11.20"]
[EventType "team-tourn"]
[EventRounds "14"]
[EventCountry "ESP"]
[SourceTitle "Ajedrez en Madrid"]
[Source "lmi"]
[SourceDate "2016.11.20"]
[WhiteTeam "Blanco y Negro"]
[BlackTeam "Virgen de Atocha"]
[WhiteTeamCountry "ESP"]
[BlackTeamCountry "ESP"]

1. e4 e6 2. d3 d5 3. Nd2 Nf6 4. Ngf3 Bc5 5. e5 Nfd7 6. d4 Be7 7. Bd3 c5 8. c3
Nc6 9. O-O a6 10. Re1 b5 11. a4 b4 12. Nf1 Qb6 13. Be3 Bb7 14. Ng3 h6 15. Nh5
g6 16. Ng7+ Kf8 17. Nxe6+ fxe6 18. Bxg6 Kg7 19. Bh5 Rag8 20. Nd2 Nf8 21. Qf3
Nd8 22. a5 Qb5 23. h4 Ng6 24. g3 Kh7 25. Kh2 Qd3 26. Qd1 Qf5 27. Bg4 Qf8 28. h5
Nxe5 29. dxe5 Rxg4 30. Qxg4 Rg8 31. Qe2 Nf7 32. f4 Qg7 33. Rg1 Rd8 34. Nb3 Rc8
35. cxb4 d4 36. Bf2 cxb4 37. Nxd4 Bd5 38. Rac1 Bc5 39. Rxc5 Rxc5 40. Nxe6 Bxe6
41. Bxc5 Bg4 42. Qe4+ Kg8 43. e6 Qxb2+ 44. Rg2 1-0

[Event "Liga Madrileña - DH 2016-2017"]
[Site "Madrid ESP"]
[Date "2017.02.19"]
[Round "10.31"]
[White "Candela Perez, Jose"]
[Black "Moreno Ibanez, Miguel"]
[Result "1/2-1/2"]
[WhiteElo "2400"]
[BlackElo "2286"]
[PlyCount "106"]
[EventDate "2016.11.20"]
[EventType "team-tourn"]
[EventRounds "14"]
[EventCountry "ESP"]
[SourceTitle "Ajedrez en Madrid"]
[Source "lmi"]
[SourceDate "2016.11.20"]
[WhiteTeam "La Casa del Ajedrez"]
[BlackTeam "Pueblo Nuevo"]
[WhiteTeamCountry "ESP"]
[BlackTeamCountry "ESP"]

1. d4 Nf6 2. c4 c5 3. d5 g6 4. Nc3 Bg7 5. e4 d6 6. Nf3 O-O 7. h3 e6 8. Bg5 h6
9. Be3 Re8 10. Bd3 Na6 11. O-O Nc7 12. Qd2 Kh7 13. a4 b6 14. Nh2 Rb8 15. Rae1
a6 16. dxe6 Nxe6 17. Bc2 Nd4 18. Bxd4 cxd4 19. Nd5 Bb7 20. Nf3 Rc8 21. b3 b5
22. axb5 axb5 23. Bd3 bxc4 24. bxc4 Nd7 25. Qc2 Nc5 26. Ra1 Ra8 27. Rxa8 Bxa8
28. Ra1 Bxd5 29. exd5 Qb6 30. h4 Kg8 31. Rb1 Qa5 32. Bxg6 fxg6 33. Qxg6 Rf8 34.
Nxd4 Qa2 35. Rf1 Rf6 36. Qe8+ Kh7 37. Ne6 Nxe6 38. dxe6 Qa7 39. Qd7 Qxd7 40.
exd7 Rf8 41. Rd1 Bf6 42. Rxd6 Bxh4 43. g3 Bd8 44. c5 Rf6 45. Rxf6 Bxf6 46. Kg2
Kg6 47. f4 Kf5 48. c6 Bd8 49. Kf3 h5 50. Ke3 Ke6 51. Ke4 Kd6 52. Kf5 Kxc6 53.
Ke6 h4 1/2-1/2

[Event "Liga Madrileña - DH 2016-2017"]
[Site "Madrid ESP"]
[Date "2017.02.19"]
[Round "10.32"]
[White "Fernandez Lledo, Javier"]
[Black "Suarez Uriel, Adrian"]
[Result "0-1"]
[WhiteElo "2239"]
[BlackElo "2354"]
[PlyCount "74"]
[EventDate "2016.11.20"]
[EventType "team-tourn"]
[EventRounds "14"]
[EventCountry "ESP"]
[SourceTitle "Ajedrez en Madrid"]
[Source "lmi"]
[SourceDate "2016.11.20"]
[WhiteTeam "Pueblo Nuevo"]
[BlackTeam "La Casa del Ajedrez"]
[WhiteTeamCountry "ESP"]
[BlackTeamCountry "ESP"]

1. d4 Nf6 2. c4 c5 3. d5 e6 4. Nc3 exd5 5. cxd5 g6 6. Nf3 d6 7. Bf4 Bg7 8. e3
O-O 9. Be2 h6 10. Nd2 Qe7 11. O-O Nfd7 12. Nc4 Ne5 13. Nxe5 dxe5 14. d6 Qe6 15.
Nb5 exf4 16. Nc7 Qe5 17. exf4 Qxf4 18. g3 Qe5 19. Nxa8 Rd8 20. Bc4 Rxd6 21. Qb3
Qf5 22. Rae1 Nc6 23. Bxf7+ Kh7 24. Bg8+ Kh8 25. Re8 Bf8 26. Qf7 Qxf7 27. Bxf7
Bh3 28. Bb3 Kg7 29. Rd1 Nd4 30. Nc7 Bg4 31. Rb8 Re6 32. Ne8+ Kh7 33. Nf6+ Rxf6
34. Rxb7+ Bg7 35. Rd3 Nf3+ 36. Kf1 Nxh2+ 37. Kg2 Bf3+ 0-1

[Event "Liga Madrileña - DH 2016-2017"]
[Site "Madrid ESP"]
[Date "2017.02.19"]
[Round "10.33"]
[White "Rojo Huerta, Gabriel"]
[Black "Baigorri Navarro, Francisco Javier"]
[Result "1-0"]
[WhiteElo "2356"]
[BlackElo "2192"]
[PlyCount "59"]
[EventDate "2016.11.20"]
[EventType "team-tourn"]
[EventRounds "14"]
[EventCountry "ESP"]
[SourceTitle "Ajedrez en Madrid"]
[Source "lmi"]
[SourceDate "2016.11.20"]
[WhiteTeam "La Casa del Ajedrez"]
[BlackTeam "Pueblo Nuevo"]
[WhiteTeamCountry "ESP"]
[BlackTeamCountry "ESP"]

1. e4 e5 2. Nf3 Nf6 3. Nc3 Nc6 4. d4 Bb4 5. Nxe5 O-O 6. Qd3 Re8 7. Bd2 Nxe5 8.
dxe5 Rxe5 9. O-O-O Re8 10. f3 a5 11. g4 Ra6 12. Qe3 Rd6 13. a3 Bxc3 14. Qxc3 b6
15. Bc4 Rc6 16. Qb3 Rf8 17. e5 Ne8 18. Bd5 Rg6 19. Bf4 Qh4 20. Kb1 b5 21. Be4
Rb6 22. Be3 Ra6 23. Qxb5 d6 24. Bb7 Rb6 25. Bxb6 Bxb7 26. Bf2 Qxf2 27. Qxb7
dxe5 28. Rd8 Qc5 29. Rhd1 Nd6 30. Qb8 1-0

[Event "Liga Madrileña - DH 2016-2017"]
[Site "Madrid ESP"]
[Date "2017.02.19"]
[Round "10.34"]
[White "Nieto de la Cruz, Julio"]
[Black "Bass, Leonid"]
[Result "0-1"]
[WhiteElo "2144"]
[BlackElo "2368"]
[PlyCount "80"]
[EventDate "2016.11.20"]
[EventType "team-tourn"]
[EventRounds "14"]
[EventCountry "ESP"]
[SourceTitle "Ajedrez en Madrid"]
[Source "lmi"]
[SourceDate "2016.11.20"]
[WhiteTeam "Pueblo Nuevo"]
[BlackTeam "La Casa del Ajedrez"]
[WhiteTeamCountry "ESP"]
[BlackTeamCountry "ESP"]

1. d4 Nf6 2. Nf3 e6 3. Bf4 c5 4. e3 Qb6 5. Nc3 a6 6. a3 cxd4 7. exd4 d5 8. Bd3
Bd7 9. O-O Qxb2 10. Qd2 Qb6 11. Rfe1 Nc6 12. g4 Be7 13. Rab1 Qa7 14. g5 Nh5 15.
Be3 Bxa3 16. Be2 g6 17. Ne5 b5 18. Bxh5 gxh5 19. Nxc6 Bxc6 20. Qe2 Bd7 21. Bf4
O-O 22. Be5 Rfc8 23. Qxh5 Bf8 24. Re3 Be8 25. Qe2 Bg7 26. Bf6 Qc7 27. Qh5 Qxc3
28. Rxc3 Rxc3 29. Re1 a5 30. Qd1 a4 31. Qd2 b4 32. Be7 Rc4 33. f4 a3 34. Bxb4
Rxd4 35. Qc3 a2 36. Kg2 Rxf4 37. Qb3 a1=Q 38. Rxa1 Bxa1 39. Bd6 Rc4 40. h4 Rac8
0-1